Canales de marketing y dsitribucion comercial/ (Registro nro. 9209)

Detalles MARC
000 -LEADER
fixed length control field 01557nam a2200217Ia 4500
005 - FECHA Y HORA DE LA ÚLTIMA TRANSACCIÓN
control field 20230908162952.0
008 - FIXED-LENGTH DATA ELEMENTS--GENERAL INFORMATION
fixed length control field 230906s9999 xx 000 0 und d
020 ## - INTERNATIONAL STANDARD BOOK NUMBER
International Standard Book Number 9701050894
040 ## - CATALOGING SOURCE
Original cataloging agency UPAN
Transcribing agency Biblioteca San Vicente
Description conventions RCAA2
041 ## - LANGUAGE CODE
Language code of text/sound track or separate title spa
082 ## - DEWEY DECIMAL CLASSIFICATION NUMBER
Classification number 658.84
Item number P458c
año de publicación 2005
100 ## - MAIN ENTRY--PERSONAL NAME
Personal name Pelton, Lou E.
Relator code aut.
245 #0 - TITLE STATEMENT
Title Canales de marketing y dsitribucion comercial/
Remainder of title Lou E. Pelton
250 ## - EDITION STATEMENT
Edition statement 2° ed.
260 ## - PUBLICATION, DISTRIBUTION, ETC. (IMPRINT)
Place of publication, distribution, etc México:
Name of publisher, distributor, etc McGraw Hill,
Date of publication, distribution, etc 2005
300 ## - PHYSICAL DESCRIPTION
Extent 580 p.;
Dimensions 24 cm.
505 ## - FORMATTED CONTENTS NOTE
Formatted contents note Parte I. Estructura de los canales de mercadotecnia<br/>1. Canales de mercadotecnia: guiados por la información, guiados por el cliente<br/>2. Funciones del canal en un mercado virtual<br/>3. Logro de una ventaja competitiva a través del diseño del canal<br/>4. Mezcla de marketing y marketing basado en las relaciones<br/>Parte II. Exosistemas del canal<br/>5. Cómo administrar la incertidumbre en el entorno del canal<br/>6. Relaciones de canal en la aldea global<br/>7. Imperativos legales y éticos en las relaciones de canal<br/>Parte III. Microsistemas del canal<br/>8. Estrategias para la resolución de conflictos<br/>9. Sistemas de información y logística basados en las relaciones<br/>10. Desarrollo de relaciones positivas de canal<br/>Parte IV. Sistemas de redes en el canal<br/>11. Costos de transacción y sistemas verticales de mercadotecnia<br/>12. Franquicias en la economía mundial<br/>13. Cómo desarrollar valor de largo plazo<br/>14. Convenios de asociación estratégica
650 ## - SUBJECT ADDED ENTRY--TOPICAL TERM
Source of heading or term LEMB
Topical term or geographic name as entry element Comercio
General subdivision Mercadeo
700 ## - ADDED ENTRY--PERSONAL NAME
Personal name David Strutton
Relator code col.
942 ## - ADDED ENTRY ELEMENTS (KOHA)
Koha item type Libros
Source of classification or shelving scheme Dewey Decimal Classification
Existencias
Withdrawn status Lost status Source of classification or shelving scheme Damaged status Not for loan Collection code Home library Current library Date acquired Total Checkouts Full call number Barcode Date last seen Copy number Price effective from Koha item type
    Dewey Decimal Classification     Colección General Biblioteca UPAN San Vicente Biblioteca UPAN San Vicente 06/09/2023   658.84 P458c 12003226 06/09/2023 01 06/09/2023 Libros
    Dewey Decimal Classification     Colección General Biblioteca UPAN San Vicente Biblioteca UPAN San Vicente 06/09/2023   658.84 P458c 12003225 08/09/2023 02 06/09/2023 Libros
    Dewey Decimal Classification     Colección General Biblioteca UPAN San Vicente Biblioteca UPAN San Vicente 06/09/2023   658.84 P458c 12003224 08/09/2023 03 06/09/2023 Libros